000 00235nam a2200097Ia 4500
008 170620s9999 xx 000 0 und d
100 _aJain.Deepak
245 0 _aPhysical & Drill Training for Child
260 _bNew delhi.Khel.S.k
260 _c2004
300 _a298
999 _c27739
_d27739